000 00649nam a22001937a 4500
999 _c13555
_d13555
003 AR-CdUCM
008 190415b ||||| |||| 00| 0 spa d
040 _aMUNICIPALIDAD PROVINCIAL DEL CUSCO
_cBIBLIOTECA MUNICIPAL DEL CUSCO
082 _a985.41 /
_bE79
100 _aEscomel, Edmundo
_932014
245 _aObras cientĂ­ficas /
260 _aLima :
300 _a826 páginas ;
_c23.5 cm.
505 _aArequipa polisanatorio americano -- Arequipa et sa physionomie medicale et climaterique -- Las tierras de yura...
650 _aArequipa.
_91703
650 _aHistoria de Arequipa.
_91704
942 _2ddc
_cLIBROS
945 _awfj
_d2019-04-15